Alle Hauptstädte Ozeaniens (mit Hinweis) - Statistiken

Allgemein
  • Dieses Quiz wurde 24 mal gespielt
  • Das Durchschnittsergebnis liegt bei 8 aus 15
Antwortstatistiken
Land Hauptstadt % Korrekt
Australien Canberra
100%
Fidschi Suva
100%
Neuseeland Wellington
90%
Samoa Apia
70%
Papua-Neuguinea Port Moresby
70%
Tuvalu Funafuti
50%
Salomonen Honiara
50%
Nauru Yaren
50%
Palau Ngerulmud
40%
Mikronesien Palikir
40%
Marshallinseln Majuro
30%
Tonga Nukuʻalofa
30%
Vanuatu Port Vila
30%
Kiribati South Tarawa
30%
Cookinseln Avarua
10%
Keine übereinstimmenden Quizze gefunden
Verteilung der Resultate
Anzahl Personen mit jedem Resultat
Perzentil nach korrekt beantworteten Fragen
Ihre Resultats-Entwicklung
Sie haben dieses Quiz noch nicht gespielt